[Event "Challenge"]
[Site "http://www.queenalice.com/game.php?id=934078"]
[Date "2011.5.4"]
[Round "-"]
[White "ensito"]
[Black "RMadrigal"]
[Result "0-1"]
[WhiteElo "1802"]
[BlackElo "1962"]

1. e4 e6 2. d4 Nc6 3. Bb5 a6 4. Bxc6 dxc6 5. e5 c5 6. c3 cxd4 7. cxd4 Bb4+ 8.
Nc3 c5 9. Be3 Bxc3+ 10. bxc3 c4 11. Qa4+ b5 12. Qa3 Ne7 13. Bg5 h6 14. Bxe7 Qxe7
15. Qxe7+ Kxe7 16. Ne2 Rd8 17. O-O f6 18. exf6+ gxf6 19. a4 Bb7 20. a5 Rg8 21.
g3 Rad8 22. Ra2 Kd6 23. Re1 e5 24. Rd2 Kc7 25. Red1 Bf3 26. Re1 Rg7 27. Nc1 exd4
28. cxd4 b4 29. Re3 c3 30. Rdd3 Bd5 31. Re1 Bc4 32. Rdd1 c2 33. Rd2 b3 34. Nxb3
Bxb3 35. Rc1 Rg5 36. Rd3 Ba4 37. Rc3+ Kb7 38. Rc4 Rxa5 39. Rb4+ Kc6 40. Rb2 Rxd4
41. Rbxc2+ Bxc2 42. Rxc2+ Rc5 43. Re2 a5 44. Re6+ Rd6 45. Re7 a4 46. Ra7 Rc4 0-1

[Event "The best 1700"]
[Site "http://www.queenalice.com/game.php?id=936436"]
[Date "2011.5.10"]
[Round "4"]
[White "ensito"]
[Black "charles31"]
[Result "1-0"]
[WhiteElo "1806"]
[BlackElo "1775"]

1. d4 d5 2. e3 Nf6 3. Bd3 Nc6 4. Bd2 Bg4 5. f3 Bh5 6. g4 Bg6 7. h4 Bxd3 8. cxd3
e5 9. Bc3 exd4 10. exd4 Bd6 11. Ne2 Qe7 12. Qd2 Bg3+ 13. Kd1 Bd6 14. Re1 O-O-O
15. a3 Nd7 16. g5 f6 17. Rg1 Rhf8 18. g6 hxg6 19. Rxg6 Qf7 20. Rg2 Rde8 21. Qe1
Re6 22. Nd2 Rfe8 23. Nf1 Qh5 24. Rf2 Qxh4 25. Rc1 Bf4 26. Rc2 Qg5 27. Bd2 Nxd4
28. Bxf4 Nxc2 29. Qc3 Rc6 30. Qxc6 bxc6 31. Bxg5 fxg5 32. Kxc2 Rf8 33. Nh2 Ne5
34. Nd4 Kd7 35. b4 a6 36. Rg2 Kd6 37. Rxg5 g6 38. Kd2 Rf4 39. Ne2 Nxf3+ 40. Nxf3
Rxf3 41. Rxg6+ Kd7 42. Nd4 Rf2+ 43. Kc3 Rf1 44. Nb3 Re1 45. Rg7+ Kd6 46. Na5
Rc1+ 47. Kb2 Rd1 48. Nb7+ Ke6 49. Rxc7 Rxd3 50. Nc5+ Kd6 51. Rd7+ Ke5 52. Nxd3+
Ke4 53. Nc5+ 1-0

[Event "Torneo Mundial 2"]
[Site "http://www.queenalice.com/game.php?id=941605"]
[Date "2011.5.23"]
[Round "2"]
[White "jajaf1959"]
[Black "ensito"]
[Result "1-0"]
[WhiteElo "2022"]
[BlackElo "1811"]

1. d4 d5 2. c4 e6 3. Nc3 Bb4 4. Qb3 Qd6 5. c5 Bxc3+ 6. Qxc3 Qe7 7. Nf3 f6 8. Bf4
g5 9. Bg3 Nc6 10. e3 h5 11. h4 g4 12. Nd2 Nh6 13. Bd3 e5 14. O-O-O e4 15. Bc2
Nf5 16. Bf4 Qf7 17. f3 exf3 18. gxf3 gxf3 19. Nxf3 Rg8 20. e4 Ng3 21. Bxg3 Rxg3
22. exd5 Qxd5 23. Qe1+ Be6 24. Qxg3 O-O-O 25. Bb3 Qf5 26. Bxe6+ Qxe6 27. Kb1 Nb4
28. b3 Qe4+ 29. Kb2 Qc2+ 30. Ka3 a5 31. Rd2 Qf5 32. Qh3 Qxh3 33. Rxh3 Nd5 34.
Rg3 Nc3 35. Rc2 Nd5 36. Rcg2 Ne7 37. Rg7 1-0

[Event "Challenge"]
[Site "http://www.queenalice.com/game.php?id=983109"]
[Date "2011.9.9"]
[Round "-"]
[White "jova21"]
[Black "ensito"]
[Result "0-1"]
[WhiteElo "1839"]
[BlackElo "1790"]

1. e4 e5 2. Nf3 d6 3. d4 exd4 4. Nxd4 g6 5. Bc4 a6 6. Qf3 Nf6 7. Bg5 Nbd7 8. Nc3
c6 9. O-O Bg7 10. Rfe1 Ne5 11. Qe2 O-O 12. a3 b5 13. Ba2 Re8 14. Rad1 h6 15. Bf4
Nh5 16. Bxe5 dxe5 17. Nxc6 Qc7 18. Nb4 Nf4 19. Qf3 Be6 20. Bxe6 Rxe6 21. Nbd5
Qc6 22. Nxf4 exf4 23. Ne2 Rxe4 24. c3 g5 25. Nd4 Bxd4 26. Rxe4 Bg7 27. Rde1 Kh7
28. Qd3 Qg6 29. Qd5 Rh8 30. Re7 Rf8 31. Qe4 Qxe4 32. R1xe4 Bf6 33. Ra7 Kg7 34.
Rxa6 Rd8 35. h3 h5 36. Rb6 Rd5 37. a4 Be5 38. Rxb5 Rd1+ 39. Kh2 f6 40. c4 Rd2
41. b4 f3+ 42. Rexe5 fxe5 43. gxf3 Rxf2+ 44. Kg3 Re2 45. a5 Kg6 46. Rb8 h4+ 0-1

[Event "Challenge"]
[Site "http://www.queenalice.com/game.php?id=993615"]
[Date "2011.10.5"]
[Round "-"]
[White "carver"]
[Black "ensito"]
[Result "1-0"]
[WhiteElo "2034"]
[BlackElo "1797"]

1. d4 d5 2. c4 c6 3. Nc3 e6 4. a3 dxc4 5. e4 b5 6. Nf3 g6 7. b3 cxb3 8. Qxb3 Bg7
9. e5 Ne7 10. Bg5 O-O 11. Qb4 f6 12. exf6 Bxf6 13. Bxf6 Rxf6 14. Ne4 Rf4 15. Bd3
Na6 16. Qd2 Nd5 17. O-O Bb7 18. Rfe1 h6 19. Nc3 Nxc3 20. Qxf4 1-0

[Event "Challenge"]
[Site "http://www.queenalice.com/game.php?id=1000451"]
[Date "2011.10.22"]
[Round "-"]
[White "paulove"]
[Black "ensito"]
[Result "1-0"]
[WhiteElo "1888"]
[BlackElo "1798"]

1. e4 e5 2. Bc4 Nf6 3. d3 Nc6 4. Nf3 h6 5. Nc3 Bb4 6. Bd2 d6 7. h3 Bxc3 8. Bxc3
Qe7 9. Bd2 Be6 10. Bb5 O-O 11. Bxc6 bxc6 12. b3 Nd7 13. O-O d5 14. Qe2 d4 15. c3
c5 16. c4 a5 17. Qe1 a4 18. Nh2 Rfb8 19. f4 f6 20. Rb1 axb3 21. axb3 exf4 22.
Bxf4 Rc8 23. Bd2 Ne5 24. Qe2 Bf7 25. Ng4 Nxg4 26. Qxg4 Be6 27. Qg3 Rf8 28. Bxh6
Rf7 29. Bd2 Raf8 30. b4 f5 31. bxc5 fxe4 32. Rxf7 Rxf7 33. dxe4 Qd8 34. Bg5 Qd7
35. Rb8+ Rf8 36. Rxf8+ Kxf8 37. Qd3 c6 38. Bf4 Kf7 39. Bd6 Qb7 40. Qxd4 Qb1+ 41.
Kh2 Qf1 42. Be5 Qxc4 43. Bxg7 Qxd4 44. Bxd4 Bb3 45. h4 Bc2 46. e5 Ke6 47. Kh3
Bf5+ 48. g4 Be4 49. h5 Kd5 50. Bb2 Kxc5 51. g5 Kd5 52. g6 1-0

[Event "Challenge"]
[Site "http://www.queenalice.com/game.php?id=1005927"]
[Date "2011.11.7"]
[Round "-"]
[White "Equiferus"]
[Black "ensito"]
[Result "1-0"]
[WhiteElo "1951"]
[BlackElo "1808"]

1. e4 e6 2. d4 Qh4 3. Bd3 d5 4. g3 Qf6 5. e5 Qe7 6. Nf3 c6 7. O-O b6 8. c4 g6 9.
Bg5 f6 10. exf6 Nxf6 11. Re1 Qg7 12. Ne5 Bd7 13. Nc3 Bb4 14. Nxd7 Nbxd7 15.
Rxe6+ Kf7 16. Rxc6 Bxc3 17. bxc3 h6 18. Bxf6 1-0

[Event "Cubalibre"]
[Site "http://www.queenalice.com/game.php?id=1008462"]
[Date "2011.11.15"]
[Round "-"]
[White "ensito"]
[Black "Equiferus"]
[Result "1/2-1/2"]
[WhiteElo "1802"]
[BlackElo "1961"]

1. d4 f5 2. e3 Nf6 3. Bd2 g6 4. Be2 Bg7 5. Nf3 O-O 6. O-O Ne4 7. Bd3 Nc6 8. Bxe4
fxe4 9. Ne1 d6 10. c3 e5 11. d5 Ne7 12. Qb3 Bg4 13. f3 exf3 14. gxf3 Bh3 15. Rf2
b6 16. e4 Qd7 17. Bg5 h6 18. Bxe7 Qxe7 19. Nd2 h5 20. Rd1 Bh6 21. c4 Bf4 22. Nf1
Qg5+ 23. Ng2 Rf7 24. Rd3 Raf8 25. Qd1 a5 26. a4 h4 27. Qe1 Kg7 28. Re2 Rh8 29.
b3 1/2-1/2

[Event "Challenge"]
[Site "http://www.queenalice.com/game.php?id=1029056"]
[Date "2012.2.11"]
[Round "-"]
[White "ensito"]
[Black "filomenos"]
[Result "0-1"]
[WhiteElo "1826"]
[BlackElo "1852"]

1. e4 d5 2. e5 g6 3. d4 Bg7 4. g3 Bf5 5. Bg2 c6 6. Nf3 f6 7. Bf4 fxe5 8. Bxe5
Nf6 9. O-O O-O 10. Bxf6 Bxf6 11. Re1 Nd7 12. Nc3 Qc7 13. Qd2 Rae8 14. Ne2 e5 15.
c3 exd4 16. cxd4 Re7 17. Nc3 Rfe8 18. Rxe7 Rxe7 19. Ng5 Nf8 20. Ne2 Bxg5 21.
Qxg5 Rxe2 22. b4 Ne6 23. Qh4 Qf7 24. Rc1 Be4 25. Rf1 Nxd4 26. Bxe4 Rxe4 27. f4
Qe7 28. Qxe7 Rxe7 29. Rf2 Re2 30. Rxe2 Nxe2+ 31. Kf2 Nc1 0-1

[Event "Challenge"]
[Site "http://www.queenalice.com/game.php?id=1036562"]
[Date "2012.3.6"]
[Round "-"]
[White "plot24"]
[Black "ensito"]
[Result "1-0"]
[WhiteElo "1889"]
[BlackElo "1811"]

1. d4 d5 2. c4 e6 3. Nf3 Bb4+ 4. Nc3 Bxc3+ 5. bxc3 b6 6. cxd5 Qxd5 7. e3 Nf6 8.
Bd3 Bb7 9. O-O O-O 10. Re1 Ne4 11. c4 Qh5 12. h3 f5 13. Bb2 f4 14. exf4 Rxf4 15.
Re3 Ng5 16. Ne5 Nf3+ 17. Nxf3 Bxf3 18. Rxf3 Rxf3 19. Be4 Nd7 20. Bxf3 Qe8 21.
Bxa8 Qxa8 22. a4 Qc6 23. d5 exd5 24. Qxd5+ Qxd5 25. cxd5 Kf8 26. Rc1 1-0

[Event "Let's Play Chess!"]
[Site "http://www.queenalice.com/game.php?id=1120409"]
[Date "2012.11.9"]
[Round "-"]
[White "Taurus"]
[Black "ensito"]
[Result "1-0"]
[WhiteElo "2077"]
[BlackElo "1788"]

1. e4 e5 2. Nf3 d6 3. Bc4 g6 4. d3 Be7 5. d4 Nc6 6. dxe5 Bg4 7. exd6 Bxd6 8.
Bxf7+ Kxf7 9. Ng5+ Kf8 10. Qxg4 Nd4 11. Qd1 h6 12. Qxd4 Qf6 13. Qxf6+ Nxf6 14.
Nf3 Nxe4 15. Be3 c5 16. Nh4 Kf7 17. Nd2 Nxd2 18. Bxd2 Rae8+ 19. Be3 Bf4 20. Kd2
Rd8+ 21. Kc3 Bxe3 22. fxe3 Rhe8 23. Rhf1+ Kg7 24. Rae1 Re4 25. Rf4 1-0

[Event "Challenge"]
[Site "http://www.queenalice.com/game.php?id=1120410"]
[Date "2012.11.9"]
[Round "-"]
[White "ensito"]
[Black "Taurus"]
[Result "1/2-1/2"]
[WhiteElo "1784"]
[BlackElo "2074"]

1. e4 e5 2. Nf3 Nc6 3. Bb5 a6 4. Bxc6 bxc6 5. O-O d6 6. c3 c5 7. d4 cxd4 8. cxd4
exd4 9. Qxd4 c5 10. Qd5 Be6 11. Qd2 Qc7 12. Nc3 Rd8 13. Nd5 Qb7 14. Qa5 Ne7 15.
Nc7+ Kd7 16. Ne5+ Kc8 17. Nxe6 fxe6 18. Nf7 Nc6 19. Qa4 Qxf7 20. Qxc6+ Qc7 21.
Qxa6+ Kd7 22. Qa4+ Qc6 23. Qxc6+ Kxc6 24. Bg5 Rb8 25. b3 d5 26. exd5+ exd5 27.
Rfe1 Bd6 28. Re6 Kd7 29. Re2 Rhf8 30. Rae1 Ra8 31. g3 h6 32. Be7 Rf7 33. Bxd6
1/2-1/2

[Event "Challenge"]
[Site "http://www.queenalice.com/game.php?id=1205852"]
[Date "2013.8.7"]
[Round "-"]
[White "reibas"]
[Black "ensito"]
[Result "1-0"]
[WhiteElo "1841"]
[BlackElo "1816"]

1. e4 e5 2. Nf3 d6 3. Nc3 c6 4. d3 Be7 5. Be2 Bf6 6. h3 Nd7 7. a3 Ne7 8. b4 O-O
9. Rb1 b5 10. O-O Ng6 11. g3 Nb6 12. Bb2 Bxh3 13. Re1 a5 14. bxa5 Rxa5 15. Qd2
Na4 16. Bf1 Bg4 17. Bg2 Bxf3 18. Bxf3 Bg5 19. Qd1 f5 20. Nxa4 Rxa4 21. c4 f4 22.
cxb5 cxb5 23. Bh5 fxg3 24. fxg3 Qb6+ 25. Kh1 Ne7 26. Rf1 Bf6 27. Bxe5 dxe5 28.
Qxa4 Qe3 29. Qd1 Qxg3 30. Qf3 Qxf3+ 31. Bxf3 Nc6 32. Rxb5 Nd4 33. Rb2 Bh4 34.
Bg2 1-0

[Event "Let's Play Chess!"]
[Site "http://www.queenalice.com/game.php?id=1226811"]
[Date "2013.10.24"]
[Round "-"]
[White "perucona"]
[Black "ensito"]
[Result "0-1"]
[WhiteElo "1269"]
[BlackElo "1801"]

1. e4 e5 2. d4 Bd6 3. dxe5 Bxe5 4. c3 Nf6 5. f3 O-O 6. Ne2 d5 7. exd5 Qxd5 8.
Bg5 Qxd1+ 9. Kxd1 Be6 10. Bxf6 Bxf6 11. Nd2 Rd8 12. g3 Bf5 13. g4 Bd3 14. Rc1
Bxe2+ 15. Bxe2 Bg5 16. h4 Bxd2 17. Rc2 Bxc3+ 18. Kc1 Be5 19. b3 Nc6 20. Rd1 Nb4
21. Rcd2 Bf4 22. Kb2 Bxd2 23. a3 Nc6 0-1